000 01062cam a22001934a 4500
005 20250605163956.0
008 250528s ||||||||||||||||||||||||d
035 _a15486
020 _a750609095
040 _aGR-AtMCL
_bgre
_dGR-AtMCL
_eAACR2
245 1 _aManaging for the Future
260 _bButterworth Heinemann,
_c1992
300 _a292
520 _aThis book is about the critical issues that managers are facing in the 1990s. Preface, Acknowledgements, Economics, The Future Already Around Us, The Transnational Economy, From World Trade to World Investment, People, The New Productivity Challenge, The Rise and Fall of the Blue-Collar Worker, China's Nightmare: No Jobs for the Millions, Management, How to Manage the Boss, What the Nonprofits Are Teaching Business, The Nonprofits' Outreach Revolution, The Organization, Four Marketing Lessons for the Future, The 10 Rules of Effective Research, The Emerging Theory of Manufacturing, Effectiveness, Index.
700 1 _aDrucker Peter F
_9962
942 _cBK
999 _c1065
_d1065